| 000 | 00848nam a2200265 i 4500 | ||
|---|---|---|---|
| 001 | 110685 | ||
| 003 | ES-MaACL | ||
| 005 | 20250804012337.0 | ||
| 007 | t| | ||
| 008 | 070119s1986 sp ||||1| spa d | ||
| 020 | _a84-7046-409-4 | ||
| 080 | _a1 | ||
| 100 | 1 |
_aMontoya, José. _982707 |
|
| 245 | 1 | 0 |
_aAristóteles _b: sabiduria y felicidad / _cJosé Montoya Saenz, Jesús Conill Sancho ; prólogo de Pierre Aubenque. |
| 260 |
_aMadrid : _bCincel, _c1986. |
||
| 300 |
_a200 p. : _bil. ; _c19 cm. |
||
| 490 | 1 |
_aHistoria de la filosofía ; _v5 |
|
| 504 | _aBibliografía: p. 197-200. Indice. | ||
| 600 | 0 | 7 |
_aAristóteles _2embne _922861 |
| 700 | 1 |
_aConill Sancho, Jesús. _940184 |
|
| 700 | 1 |
_aAubenque, Pierre. _923787 |
|
| 830 | 0 |
_aHistoria de la filosofía ; _v5 _9181726 |
|
| 852 |
_aES-MaACL _jL-15571 |
||
| 999 |
_c110685 _d110685 |
||